Norwich City Squad 2008–09 Championship Season - Statistics

General Stats
  • This quiz has been taken 5 times
  • The average score is 13 of 35
Answer Stats
Answer % Correct
Adam Drury
80%
Arturo Lupoli
80%
Bryan Gunn
80%
David Marshall
80%
Gary Doherty
80%
Wes Hoolahan
80%
Darel Russell
60%
Glenn Roeder
60%
Jon Otsemobor
60%
Korey Smith
60%
Alan Lee
40%
Antoine Sibierski
40%
Elliot Omozusi
40%
Jamie Cureton
40%
Jason Shackell
40%
Lee Croft
40%
Luke Daley
40%
Mark Fotheringham
40%
Matty Pattison
40%
Omar Koroma
40%
Ryan Bertrand
40%
Simon Lappin
40%
Adrian Leijer
20%
Carl Cort
20%
Chris Killen
20%
Cody McDonald
20%
Dejan Stefanović
20%
Leroy Lita
20%
Sammy Clingan
20%
Alan Gow
0%
David Bell
0%
David Carney
0%
David Mooney
0%
John Kennedy
0%
Jonathan Grounds
0%
No matching quizzes found
Score Distribution
Percent of People with Each Score
Percentile by Number Answered
Your Score History
You have not taken this quiz